[Event "25th Klatovy A 2017"]
[Site "Klatovy CZE"]
[Date "2017.07.07"]
[Round "7.8"]
[White "Slovak, Kilian"]
[Black "Zeman, Matyas"]
[Result "1/2-1/2"]
[WhiteElo "2254"]
[BlackElo "2166"]
[PlyCount "107"]
[EventDate "2017.07.01"]
[EventType "swiss"]
[EventRounds "9"]
[EventCountry "CZE"]
[SourceTitle "EXT 2018"]
[Source "ChessBase"]
[SourceDate "2017.10.13"]
[SourceVersion "1"]
[SourceVersionDate "2017.10.13"]
[SourceQuality "1"]

1. e4 c5 2. Nf3 Nc6 3. d4 cxd4 4. Nxd4 e5 5. Nb5 d6 6. c4 Be7 7. N1c3 a6 8. Na3 Nf6 9. Bd3 Be6 10. O-O O-O 11. Nc2 Nd7 12. b3 Nc5 13. Bb2 a5 14. Nd5 Bg5 15. Nce3 Nb4 16. Bb1 Nxd5 17. Nxd5 Rb8 18. Nc3 Qb6 19. Nb5 Rbd8 20. Qe2 Bd7 21. Nc3 Bc6 22. g3 g6 23. Bc2 Ne6 24. Nd5 Bxd5 25. exd5 Nd4 26. Qd3 Rde8 27. Rad1 f5 28. Bxd4 exd4 29. Rfe1 Re4 30. Rxe4 fxe4 31. Qxd4 Qxd4 32. Rxd4 e3 33. f4 Re8 34. Re4 Rxe4 35. Bxe4 Bf6 36. Kf1 Bd4 37. Ke2 Kf7 38. Bd3 Bc5 39. Kf3 Kf6 40. h3 h6 41. Kg4 g5 42. h4 gxh4 43. Kxh4 Bd4 44. Kg4 Bc5 45. Kf3 Bd4 46. Ke2 Bc5 47. Kd1 b6 48. Kc2 Ba3 49. Kd1 Bb4 50. Ke2 Bc5 51. a3 Bxa3 52. Kxe3 Bb2 53. Kf3 Bc1 54. Ke4 1/2-1/2

[Event "25th Klatovy A 2017"]
[Site "Klatovy CZE"]
[Date "2017.07.07"]
[Round "7.9"]
[White "Miesbauer, Jan"]
[Black "Kopta, Pavel"]
[Result "1-0"]
[WhiteElo "2186"]
[BlackElo "2238"]
[PlyCount "71"]
[EventDate "2017.07.01"]
[EventType "swiss"]
[EventRounds "9"]
[EventCountry "CZE"]
[SourceTitle "EXT 2018"]
[Source "ChessBase"]
[SourceDate "2017.10.13"]
[SourceVersion "1"]
[SourceVersionDate "2017.10.13"]
[SourceQuality "1"]

1. d4 Nf6 2. c4 e6 3. g3 d5 4. Nf3 c6 5. Bg2 Nbd7 6. O-O Be7 7. Qc2 O-O 8. b3 b6 9. Bb2 Bb7 10. Nc3 Rc8 11. Rad1 Qc7 12. e4 Rfd8 13. e5 Ne8 14. Rfe1 Nf8 15. h4 c5 16. cxd5 Bxd5 17. dxc5 Qxc5 18. Nxd5 Qxc2 19. Nxe7+ Kh8 20. Ng5 g6 21. Nxf7+ Kg7 22. Nxd8 Rc7 23. Ba3 Qxa2 24. Bd6 Nxd6 25. exd6 Rd7 26. Nec6 Qxb3 27. Nd4 Qa3 28. N8xe6+ Nxe6 29. Rxe6 Kf7 30. Bd5 Kf8 31. Rde1 Rxd6 32. Re8+ Kg7 33. R1e7+ Kh6 34. Rh8 g5 35. Rhxh7+ Kg6 36. h5+ 1-0

[Event "25th Klatovy A 2017"]
[Site "Klatovy CZE"]
[Date "2017.07.07"]
[Round "7.10"]
[White "Parizek, Vojtech"]
[Black "Burnett, Andrew"]
[Result "0-1"]
[WhiteElo "2065"]
[BlackElo "2211"]
[PlyCount "124"]
[EventDate "2017.07.01"]
[EventType "swiss"]
[EventRounds "9"]
[EventCountry "CZE"]
[SourceTitle "EXT 2018"]
[Source "ChessBase"]
[SourceDate "2017.10.13"]
[SourceVersion "1"]
[SourceVersionDate "2017.10.13"]
[SourceQuality "1"]

1. e4 c5 2. Nf3 d6 3. d4 Nf6 4. Nc3 cxd4 5. Nxd4 g6 6. Be3 Bg7 7. f3 Nc6 8. Qd2 O-O 9. O-O-O Nxd4 10. Bxd4 Qa5 11. Bc4 Be6 12. Bb3 Rfc8 13. Kb1 b5 14. h4 b4 15. Ne2 Rc6 16. g4 Rac8 17. Nc1 Bxb3 18. cxb3 Qc7 19. Ne2 e5 20. Be3 d5 21. exd5 Rc2 22. d6 Qc6 23. Rc1 Rxd2 24. Rxc6 Rxc6 25. Bxd2 a5 26. Rc1 Rxc1+ 27. Nxc1 Bf8 28. g5 Nd7 29. a3 Bxd6 30. axb4 axb4 31. Nd3 f5 32. Bxb4 Bxb4 33. Nxb4 Nb6 34. Nd3 Nd7 35. Kc2 Kf7 36. b4 Ke7 37. Kc3 Kd6 38. b5 e4 39. fxe4 fxe4 40. Nf2 Ke5 41. Ng4+ Kf4 42. Nf6 Nb6 43. Kd2 Kf3 44. b3 e3+ 45. Ke1 e2 46. b4 Nc4 47. Nd7 Ke3 48. Nf6 Ne5 49. Nd5+ Kf3 50. Nf4 Kxf4 51. Kxe2 Kg4 52. Ke3 Kxh4 53. Kd4 Nd7 54. Kd5 Kxg5 55. Kc6 Ne5+ 56. Kc7 Kf6 57. b6 Ke7 58. b7 Nd7 59. b5 g5 60. b8=Q Nxb8 61. Kxb8 g4 62. Kc7 g3 0-1

[Event "25th Klatovy A 2017"]
[Site "Klatovy CZE"]
[Date "2017.07.07"]
[Round "7.11"]
[White "Duhayon, Yves"]
[Black "Kopriva, Martin"]
[Result "1-0"]
[WhiteElo "2198"]
[BlackElo "2061"]
[PlyCount "59"]
[EventDate "2017.07.01"]
[EventType "swiss"]
[EventRounds "9"]
[EventCountry "CZE"]
[SourceTitle "EXT 2018"]
[Source "ChessBase"]
[SourceDate "2017.10.13"]
[SourceVersion "1"]
[SourceVersionDate "2017.10.13"]
[SourceQuality "1"]

1. d4 g6 2. c4 Bg7 3. e4 d6 4. Nc3 Nf6 5. Be2 O-O 6. Be3 e5 7. d5 a5 8. g4 Ne8 9. h4 f5 10. gxf5 gxf5 11. exf5 Nf6 12. Nf3 h6 13. Rg1 Kh7 14. Qc2 Na6 15. O-O-O Nb4 16. Qd2 Nh5 17. Ng5+ hxg5 18. Bxh5 Bxf5 19. Qe2 e4 20. hxg5 Nd3+ 21. Kc2 Qd7 22. Bg4 a4 23. Bxf5+ Qxf5 24. Qh5+ Kg8 25. Qh4 a3 26. g6 Rfb8 27. Qh7+ Kf8 28. Bh6 Qxf2+ 29. Rd2 Qxg1 30. Bxg7+ 1-0

[Event "25th Klatovy A 2017"]
[Site "Klatovy CZE"]
[Date "2017.07.07"]
[Round "7.12"]
[White "Bartos, Jan"]
[Black "Stinka, Jakub"]
[Result "1-0"]
[WhiteElo "2189"]
[BlackElo "1991"]
[PlyCount "93"]
[EventDate "2017.07.01"]
[EventType "swiss"]
[EventRounds "9"]
[EventCountry "CZE"]
[SourceTitle "EXT 2018"]
[Source "ChessBase"]
[SourceDate "2017.10.13"]
[SourceVersion "1"]
[SourceVersionDate "2017.10.13"]
[SourceQuality "1"]

1. d4 Nf6 2. c4 d6 3. Nc3 Nbd7 4. e4 e5 5. Nf3 Be7 6. Be2 O-O 7. O-O exd4 8. Nxd4 Re8 9. Be3 Bf8 10. Qc2 Nc5 11. f3 a5 12. Rad1 g6 13. Ndb5 Bd7 14. b3 Qb8 15. Nd5 Nxd5 16. cxd5 c6 17. Nc3 Bg7 18. dxc6 Bxc6 19. Nd5 b6 20. Bg5 Bxd5 21. Rxd5 Re5 22. Rfd1 Ne6 23. Be3 Rxd5 24. Rxd5 Be5 25. g3 Qb7 26. f4 Rc8 27. Qd1 Bb2 28. Bf3 Qc7 29. Rxd6 Qc3 30. Qd2 Ba3 31. Rd3 Qa1+ 32. Kg2 Qb1 33. Qe2 Bc1 34. Bxc1 Rxc1 35. Rd2 Rg1+ 36. Kh3 Qa1 37. e5 Qc1 38. Bg4 Nc5 39. e6 Re1 40. Rd8+ Kg7 41. e7 Rxe2 42. Bxe2 Ne6 43. e8=Q Nxd8 44. Qxd8 Qb2 45. Bc4 Qc2 46. Qd4+ Kg8 47. Qf6 1-0

[Event "25th Klatovy A 2017"]
[Site "Klatovy CZE"]
[Date "2017.07.07"]
[Round "7.13"]
[White "Palek, Miroslav"]
[Black "Hajek, Jiri2"]
[Result "1-0"]
[WhiteElo "2174"]
[BlackElo "2013"]
[PlyCount "69"]
[EventDate "2017.07.01"]
[EventType "swiss"]
[EventRounds "9"]
[EventCountry "CZE"]
[SourceTitle "EXT 2018"]
[Source "ChessBase"]
[SourceDate "2017.10.13"]
[SourceVersion "1"]
[SourceVersionDate "2017.10.13"]
[SourceQuality "1"]

1. e4 d5 2. exd5 Nf6 3. d4 Nxd5 4. Bc4 c6 5. Nf3 Bg4 6. h3 Bh5 7. g4 Bg6 8. h4 Nd7 9. h5 Be4 10. Nbd2 Bxf3 11. Nxf3 e6 12. g5 Bd6 13. Qe2 Qc7 14. Bd2 O-O-O 15. O-O-O Rhe8 16. Qe4 f5 17. gxf6 N5xf6 18. Qh4 h6 19. Qh3 Ne4 20. Be1 Bf4+ 21. Kb1 Qd6 22. Qg2 b5 23. Bd3 Ndf6 24. Ba5 Rd7 25. Ne5 Bxe5 26. dxe5 Qxe5 27. Rde1 Rd4 28. Qxg7 Ra4 29. Qxa7 Nd2+ 30. Ka1 Rxa5 31. Qxa5 Qf4 32. Rd1 Nf3 33. Bg6 Rf8 34. Qa8+ Qb8 35. Qxc6+ 1-0

[Event "25th Klatovy A 2017"]
[Site "Klatovy CZE"]
[Date "2017.07.07"]
[Round "7.14"]
[White "Zahorbensky, Jaroslav"]
[Black "Kozak, Milos"]
[Result "1/2-1/2"]
[WhiteElo "2050"]
[BlackElo "2138"]
[PlyCount "24"]
[EventDate "2017.07.01"]
[EventType "swiss"]
[EventRounds "9"]
[EventCountry "CZE"]
[SourceTitle "EXT 2018"]
[Source "ChessBase"]
[SourceDate "2017.10.13"]
[SourceVersion "1"]
[SourceVersionDate "2017.10.13"]
[SourceQuality "1"]

1. e4 e5 2. Bc4 Nc6 3. Nf3 Bc5 4. Nc3 Nf6 5. d3 h6 6. a3 a6 7. Qe2 d6 8. Be3 Nd4 9. Bxd4 exd4 10. Nd5 O-O 11. O-O Re8 12. Nd2 Be6 1/2-1/2

[Event "25th Klatovy A 2017"]
[Site "Klatovy CZE"]
[Date "2017.07.07"]
[Round "7.15"]
[White "Kostelecky, Daniel"]
[Black "Chmel, Kristian"]
[Result "1/2-1/2"]
[WhiteElo "1908"]
[BlackElo "2128"]
[PlyCount "40"]
[EventDate "2017.07.01"]
[EventType "swiss"]
[EventRounds "9"]
[EventCountry "CZE"]
[SourceTitle "EXT 2018"]
[Source "ChessBase"]
[SourceDate "2017.10.13"]
[SourceVersion "1"]
[SourceVersionDate "2017.10.13"]
[SourceQuality "1"]

1. e4 c5 2. Nf3 d6 3. d4 Nf6 4. Nc3 cxd4 5. Nxd4 a6 6. Bg5 Nbd7 7. f4 Qc7 8. Be2 e6 9. Bf3 Be7 10. O-O Nb6 11. Kh1 Nc4 12. Qe1 h6 13. Bh4 g5 14. fxg5 hxg5 15. Bxg5 Qc5 16. e5 Qxe5 17. Qxe5 Nxe5 18. Kg1 Nfd7 19. Bf4 Nxf3+ 20. Nxf3 d5 1/2-1/2

[Event "25th Klatovy A 2017"]
[Site "Klatovy CZE"]
[Date "2017.07.07"]
[Round "7.16"]
[White "Zak, Pavel"]
[Black "Pick, Stepan"]
[Result "1/2-1/2"]
[WhiteElo "2038"]
[BlackElo "2105"]
[PlyCount "49"]
[EventDate "2017.07.01"]
[EventType "swiss"]
[EventRounds "9"]
[EventCountry "CZE"]
[SourceTitle "EXT 2018"]
[Source "ChessBase"]
[SourceDate "2017.10.13"]
[SourceVersion "1"]
[SourceVersionDate "2017.10.13"]
[SourceQuality "1"]

1. Nf3 f5 2. e4 fxe4 3. Ng5 Nc6 4. d3 e3 5. Bxe3 e5 6. d4 exd4 7. Bf4 Qf6 8. g3 d5 9. Bd3 Bf5 10. O-O O-O-O 11. Re1 Bb4 12. Nd2 Nh6 13. Bxf5+ Qxf5 14. Ne6 Rd7 15. a3 Bd6 16. Nf3 Bxf4 17. Nxf4 g5 18. Nxd4 Nxd4 19. Qxd4 Nf7 20. Qxa7 Rd6 21. Re7 Ra6 22. Qd4 gxf4 23. Rxf7 Qxf7 24. Qxh8+ Kd7 25. Rd1 1/2-1/2

[Event "25th Klatovy A 2017"]
[Site "Klatovy CZE"]
[Date "2017.07.07"]
[Round "7.17"]
[White "Jelinek, Michal"]
[Black "Stanek, Petr"]
[Result "1-0"]
[WhiteElo "2085"]
[BlackElo "1888"]
[PlyCount "67"]
[EventDate "2017.07.01"]
[EventType "swiss"]
[EventRounds "9"]
[EventCountry "CZE"]
[SourceTitle "EXT 2018"]
[Source "ChessBase"]
[SourceDate "2017.10.13"]
[SourceVersion "1"]
[SourceVersionDate "2017.10.13"]
[SourceQuality "1"]

1. d4 e6 2. c4 d5 3. Nc3 Nf6 4. Nf3 c6 5. e3 Be7 6. Qc2 O-O 7. Bd3 dxc4 8. Bxc4 b5 9. Bd3 a6 10. e4 g6 11. e5 Nd5 12. Nxd5 cxd5 13. h4 Bd7 14. h5 g5 15. Bxh7+ Kh8 16. Bd3 Nc6 17. a3 Rc8 18. Qd2 Rg8 19. Bb1 Na5 20. O-O Nc6 21. Qd3 Rg7 22. Be3 Qg8 23. Nh2 f5 24. exf6 Bxf6 25. Ng4 Qd8 26. h6 Rf7 27. f4 gxf4 28. Rxf4 Nxd4 29. Rxf6 Ne2+ 30. Qxe2 Rxf6 31. Bd4 Rc1+ 32. Kh2 e5 33. Qxe5 Bxg4 34. Qxf6+ 1-0

[Event "25th Klatovy A 2017"]
[Site "Klatovy CZE"]
[Date "2017.07.07"]
[Round "7.18"]
[White "Strnad, Jakub"]
[Black "Kotal, Vaclav"]
[Result "1-0"]
[WhiteElo "1980"]
[BlackElo "2070"]
[PlyCount "81"]
[EventDate "2017.07.01"]
[EventType "swiss"]
[EventRounds "9"]
[EventCountry "CZE"]
[SourceTitle "EXT 2018"]
[Source "ChessBase"]
[SourceDate "2017.10.13"]
[SourceVersion "1"]
[SourceVersionDate "2017.10.13"]
[SourceQuality "1"]

1. e4 c5 2. Nf3 e6 3. d4 cxd4 4. Nxd4 Nf6 5. Nc3 Nc6 6. Ndb5 d6 7. Bf4 e5 8. Bg5 a6 9. Na3 b5 10. Nd5 Be7 11. Bxf6 Bxf6 12. c3 Bg5 13. Nc2 O-O 14. a4 bxa4 15. Nce3 Bxe3 16. Nxe3 Be6 17. Rxa4 Ne7 18. Bc4 Qd7 19. O-O Rfd8 20. Nd5 Nxd5 21. exd5 Bg4 22. Qa1 Rac8 23. Bxa6 Rc5 24. Bc4 Rdc8 25. b3 h5 26. Ra8 Qd8 27. Rxc8 Rxc8 28. Qc1 Ra8 29. Qd2 Qf6 30. Be2 Qg6 31. Bxg4 Qxg4 32. h3 Qd7 33. c4 Ra3 34. Qb4 Ra2 35. Qb6 g6 36. b4 Rc2 37. Qc6 Qa7 38. b5 Rb2 39. Qxd6 Qd4 40. Qc6 Rc2 41. b6 1-0

[Event "25th Klatovy A 2017"]
[Site "Klatovy CZE"]
[Date "2017.07.07"]
[Round "7.19"]
[White "Kucera, Tomas"]
[Black "Bujnoch, Radek"]
[Result "0-1"]
[WhiteElo "1993"]
[BlackElo "2261"]
[PlyCount "94"]
[EventDate "2017.07.01"]
[EventType "swiss"]
[EventRounds "9"]
[EventCountry "CZE"]
[SourceTitle "EXT 2018"]
[Source "ChessBase"]
[SourceDate "2017.10.13"]
[SourceVersion "1"]
[SourceVersionDate "2017.10.13"]
[SourceQuality "1"]

1. e4 c5 2. Nf3 Nc6 3. d4 cxd4 4. Nxd4 Nf6 5. Nc3 e5 6. Ndb5 d6 7. Nd5 Nxd5 8. exd5 Nb8 9. c4 Be7 10. Be2 a6 11. Nc3 O-O 12. O-O f5 13. f4 Nd7 14. Kh1 Bf6 15. Qc2 exf4 16. Bxf4 Ne5 17. Rad1 Bd7 18. c5 dxc5 19. d6 Nc6 20. Nd5 Nd4 21. Nxf6+ Qxf6 22. Qxc5 Nxe2 23. Qc4+ Kh8 24. Qxe2 Bb5 25. Qd2 Bxf1 26. Rxf1 Rad8 27. Re1 Rd7 28. Be5 Qf7 29. h4 Kg8 30. Qd4 Re8 31. Re3 g6 32. h5 g5 33. h6 Qe6 34. Bf4 Qxh6+ 35. Rh3 Re1+ 36. Kh2 Qe6 37. Bxg5 Qxd6+ 38. Qxd6 Rxd6 39. Rg3 Kf7 40. Rh3 Kg8 41. Bf4 Rg6 42. Rb3 Re2 43. Rxb7 Rgxg2+ 44. Kh3 Rxb2 45. Ra7 Rxa2 46. Be5 Rg4 47. Ra8+ Kf7 0-1

[Event "25th Klatovy A 2017"]
[Site "Klatovy CZE"]
[Date "2017.07.07"]
[Round "7.20"]
[White "Trmal, Jaroslav"]
[Black "Skopec, Lubos"]
[Result "1/2-1/2"]
[WhiteElo "2201"]
[BlackElo "1972"]
[PlyCount "94"]
[EventDate "2017.07.01"]
[EventType "swiss"]
[EventRounds "9"]
[EventCountry "CZE"]
[SourceTitle "EXT 2018"]
[Source "ChessBase"]
[SourceDate "2017.10.13"]
[SourceVersion "1"]
[SourceVersionDate "2017.10.13"]
[SourceQuality "1"]

1. d4 d5 2. c4 e6 3. Nc3 Nf6 4. Bg5 Be7 5. e3 O-O 6. Rc1 h6 7. Bf4 Ne4 8. cxd5 Nxc3 9. bxc3 exd5 10. Bd3 Nd7 11. Ne2 Nf6 12. h3 c5 13. O-O b6 14. Ng3 Bd6 15. Qf3 Bxf4 16. Qxf4 Be6 17. Rfd1 Qb8 18. Qh4 cxd4 19. Qxd4 Rd8 20. a4 Qc7 21. Ba6 Qc5 22. Qxc5 bxc5 23. Rb1 Rab8 24. f3 Nd7 25. a5 Rxb1 26. Rxb1 Rb8 27. Rxb8+ Nxb8 28. Bb5 Bd7 29. Bxd7 Nxd7 30. Kf2 Kf8 31. Nf5 Nb8 32. Nd6 Nc6 33. c4 Nxa5 34. cxd5 Nb3 35. Ke2 a5 36. Nc4 Ke7 37. Kd3 a4 38. Kc2 f5 39. Nb6 Kd6 40. Nxa4 Na5 41. Nc3 Nc4 42. Kd3 Ne5+ 43. Ke2 g5 44. e4 f4 45. Nb5+ Kd7 46. Kf2 Nd3+ 47. Ke2 Ne5 1/2-1/2

[Event "25th Klatovy A 2017"]
[Site "Klatovy CZE"]
[Date "2017.07.07"]
[Round "7.21"]
[White "Zizka, Petr"]
[Black "Dvorak, Jan"]
[Result "0-1"]
[WhiteElo "1966"]
[BlackElo "2174"]
[PlyCount "80"]
[EventDate "2017.07.01"]
[EventType "swiss"]
[EventRounds "9"]
[EventCountry "CZE"]
[SourceTitle "EXT 2018"]
[Source "ChessBase"]
[SourceDate "2017.10.13"]
[SourceVersion "1"]
[SourceVersionDate "2017.10.13"]
[SourceQuality "1"]

1. e4 e6 2. d4 d5 3. Nd2 Be7 4. e5 c5 5. Qg4 Kf8 6. dxc5 Nc6 7. Ngf3 h5 8. Qa4 Bd7 9. Bb5 Bxc5 10. Nb3 Be7 11. O-O a6 12. Bxc6 bxc6 13. Qd4 Nh6 14. Bxh6 Rxh6 15. Nc5 a5 16. a3 Bc8 17. b4 Rg6 18. Qc3 Ba6 19. Rfb1 Bc4 20. h3 a4 21. Nb7 Qc7 22. Na5 Be2 23. Nd4 Qxe5 24. Qe3 Qxe3 25. fxe3 Ba6 26. Ndxc6 Bg5 27. b5 Bxe3+ 28. Kh1 Bc8 29. Rb4 Bb6 30. Rxa4 Bb7 31. Rb1 Bxc6 32. bxc6 Rxa5 33. Rab4 Rc5 34. Rxb6 Rxc2 35. g4 hxg4 36. Rb7 Rxc6 37. Ra7 Kg8 38. a4 gxh3 39. a5 Rg2 40. a6 Rcc2 0-1

[Event "25th Klatovy A 2017"]
[Site "Klatovy CZE"]
[Date "2017.07.07"]
[Round "7.22"]
[White "Kaderabek, Jiri"]
[Black "Ruzickova, Radka"]
[Result "1-0"]
[WhiteElo "2137"]
[BlackElo "1836"]
[PlyCount "85"]
[EventDate "2017.07.01"]
[EventType "swiss"]
[EventRounds "9"]
[EventCountry "CZE"]
[SourceTitle "EXT 2018"]
[Source "ChessBase"]
[SourceDate "2017.10.13"]
[SourceVersion "1"]
[SourceVersionDate "2017.10.13"]
[SourceQuality "1"]

1. d4 d5 2. c4 e6 3. Nf3 Nf6 4. g3 c6 5. Bg2 Nbd7 6. O-O Bd6 7. Nc3 O-O 8. Nd2 Re8 9. e4 dxe4 10. Ndxe4 Nxe4 11. Nxe4 Be7 12. Be3 e5 13. d5 cxd5 14. cxd5 Bb4 15. Qb3 Ba5 16. Nd6 Rf8 17. Nxb7 Bxb7 18. Qxb7 Rb8 19. Qxa7 Rxb2 20. Bh3 f5 21. Rab1 Bb6 22. Qa3 Rxb1 23. Rxb1 Bxe3 24. Qxe3 e4 25. Qd4 Qe8 26. Bg2 Ne5 27. d6 Rf7 28. Qd5 Kf8 29. Rc1 Rd7 30. Rc7 g6 31. h3 Kg7 32. a4 Kf6 33. Qc5 Qe6 34. Rxd7 Qxd7 35. a5 Ke6 36. a6 Nc6 37. Bf1 Qxd6 38. Qb6 Kd7 39. Bb5 Qc7 40. Qc5 Qd6 41. Qc4 Qc7 42. Qd5+ Qd6 43. Bxc6+ 1-0

[Event "25th Klatovy A 2017"]
[Site "Klatovy CZE"]
[Date "2017.07.07"]
[Round "7.23"]
[White "Cekan, Petr1"]
[Black "Dolansky, Lukas"]
[Result "1/2-1/2"]
[WhiteElo "1965"]
[BlackElo "2065"]
[PlyCount "84"]
[EventDate "2017.07.01"]
[EventType "swiss"]
[EventRounds "9"]
[EventCountry "CZE"]
[SourceTitle "EXT 2018"]
[Source "ChessBase"]
[SourceDate "2017.10.13"]
[SourceVersion "1"]
[SourceVersionDate "2017.10.13"]
[SourceQuality "1"]

1. d4 d5 2. c4 e6 3. Nc3 Nf6 4. cxd5 exd5 5. Bg5 Be7 6. e3 O-O 7. Bd3 Re8 8. Qc2 h6 9. Bh4 c6 10. Nge2 Nbd7 11. O-O Ne4 12. Bxe7 Qxe7 13. Rab1 Ndf6 14. b4 a6 15. a4 Qd6 16. Bxe4 Nxe4 17. Nxe4 Rxe4 18. Ng3 Re8 19. Qc5 Qg6 20. b5 axb5 21. axb5 Ra2 22. bxc6 bxc6 23. Ra1 Rc2 24. Qa7 h5 25. Ra2 h4 26. Ne2 Rxa2 27. Qxa2 h3 28. Nf4 Qe4 29. Qb1 hxg2 30. Nxg2 Qf3 31. Qd1 Qf6 32. Qh5 Re4 33. f3 Re7 34. Kf2 Ra7 35. h4 Bh3 36. Kg3 Bxg2 37. Kxg2 Ra2+ 38. Rf2 Rxf2+ 39. Kxf2 Qd6 40. f4 Qb4 41. Qf5 Qd2+ 42. Kf3 Qd1+ 1/2-1/2

[Event "25th Klatovy A 2017"]
[Site "Klatovy CZE"]
[Date "2017.07.07"]
[Round "7.24"]
[White "Spicka, Jan"]
[Black "Svanda, Ondrej"]
[Result "1/2-1/2"]
[WhiteElo "1959"]
[BlackElo "2061"]
[PlyCount "55"]
[EventDate "2017.07.01"]
[EventType "swiss"]
[EventRounds "9"]
[EventCountry "CZE"]
[SourceTitle "EXT 2018"]
[Source "ChessBase"]
[SourceDate "2017.10.13"]
[SourceVersion "1"]
[SourceVersionDate "2017.10.13"]
[SourceQuality "1"]

1. d4 Nf6 2. Bf4 e6 3. e3 c5 4. c3 b6 5. Nf3 Bb7 6. Nbd2 Be7 7. Bd3 cxd4 8. exd4 O-O 9. O-O d6 10. h3 Nbd7 11. Re1 Qc7 12. Qc2 Rfe8 13. Rad1 Rac8 14. a3 h6 15. Bh2 a6 16. Ne4 Nxe4 17. Bxe4 Bxe4 18. Qxe4 Nf6 19. Qd3 b5 20. Nd2 Qc6 21. Re2 a5 22. Rde1 Nd5 23. f4 Bh4 24. Rf1 f5 25. Nf3 Bf6 26. g4 Qc4 27. Qxc4 bxc4 28. Rfe1 1/2-1/2

[Event "25th Klatovy A 2017"]
[Site "Klatovy CZE"]
[Date "2017.07.07"]
[Round "7.25"]
[White "Mulenko, Alexander"]
[Black "Srba, Stanislav"]
[Result "1/2-1/2"]
[WhiteElo "2050"]
[BlackElo "1924"]
[PlyCount "64"]
[EventDate "2017.07.01"]
[EventType "swiss"]
[EventRounds "9"]
[EventCountry "CZE"]
[SourceTitle "EXT 2018"]
[Source "ChessBase"]
[SourceDate "2017.10.13"]
[SourceVersion "1"]
[SourceVersionDate "2017.10.13"]
[SourceQuality "1"]

1. Nf3 Nf6 2. g3 e6 3. Bg2 d5 4. O-O Be7 5. d4 O-O 6. c4 b6 7. Ne5 Bb7 8. Nc3 Nbd7 9. Qa4 Nxe5 10. dxe5 Ne4 11. Nxe4 dxe4 12. Rd1 Qe8 13. Qc2 Qc6 14. Rd4 Qc5 15. Rd7 f5 16. exf6 Rxf6 17. Be3 Qc6 18. Rad1 Bd6 19. R7xd6 cxd6 20. Qb3 Kh8 21. Qb4 d5 22. cxd5 exd5 23. Rc1 Qd7 24. Bd4 Rc6 25. Rxc6 Bxc6 26. Bc3 Rc8 27. Qd4 Rc7 28. h4 Bb5 29. e3 Qf7 30. Bh3 Bd7 31. Bg2 Bg4 32. Bxe4 Be6 1/2-1/2

[Event "25th Klatovy A 2017"]
[Site "Klatovy CZE"]
[Date "2017.07.07"]
[Round "7.26"]
[White "Nemec, David"]
[Black "Kusa, Jakub"]
[Result "1/2-1/2"]
[WhiteElo "2043"]
[BlackElo "1828"]
[PlyCount "42"]
[EventDate "2017.07.01"]
[EventType "swiss"]
[EventRounds "9"]
[EventCountry "CZE"]
[SourceTitle "EXT 2018"]
[Source "ChessBase"]
[SourceDate "2017.10.13"]
[SourceVersion "1"]
[SourceVersionDate "2017.10.13"]
[SourceQuality "1"]

1. d4 Nf6 2. c4 e6 3. Nc3 Bb4 4. Qc2 d5 5. a3 Bxc3+ 6. Qxc3 b6 7. Nf3 Bb7 8. Bg5 Nbd7 9. e3 Rc8 10. Bd3 c5 11. cxd5 exd5 12. O-O O-O 13. Rac1 Re8 14. Bf5 Rc6 15. b4 g6 16. Bxd7 Qxd7 17. Bxf6 Rxf6 18. dxc5 Rxf3 19. gxf3 Qf5 20. Qd4 Re4 21. fxe4 Qg4+ 1/2-1/2

[Event "25th Klatovy A 2017"]
[Site "Klatovy CZE"]
[Date "2017.07.07"]
[Round "7.27"]
[White "Hak, David"]
[Black "Sprenar, Petr"]
[Result "1-0"]
[WhiteElo "1777"]
[BlackElo "2042"]
[PlyCount "53"]
[EventDate "2017.07.01"]
[EventType "swiss"]
[EventRounds "9"]
[EventCountry "CZE"]
[SourceTitle "EXT 2018"]
[Source "ChessBase"]
[SourceDate "2017.10.13"]
[SourceVersion "1"]
[SourceVersionDate "2017.10.13"]
[SourceQuality "1"]

1. e3 d5 2. c4 c6 3. d4 Nf6 4. Nc3 e6 5. Nf3 a6 6. a4 a5 7. Bd3 Na6 8. O-O Nb4 9. Ne5 Nxd3 10. Qxd3 Nd7 11. f4 Bd6 12. cxd5 exd5 13. e4 dxe4 14. Nxe4 Nf6 15. Nxd6+ Qxd6 16. b3 Be6 17. Ba3 Qc7 18. Rfe1 O-O-O 19. Rac1 Nd7 20. Nxc6 bxc6 21. Qa6+ Kb8 22. Rxc6 Qa7 23. Qb5+ Ka8 24. Ra6 Rb8 25. Rxa7+ Kxa7 26. Qxa5+ Kb7 27. f5 1-0

[Event "25th Klatovy A 2017"]
[Site "Klatovy CZE"]
[Date "2017.07.07"]
[Round "7.28"]
[White "Bartonicek, Zdenek Jr"]
[Black "Brunova, Blanka"]
[Result "0-1"]
[WhiteElo "2039"]
[BlackElo "1922"]
[PlyCount "126"]
[EventDate "2017.07.01"]
[EventType "swiss"]
[EventRounds "9"]
[EventCountry "CZE"]
[SourceTitle "EXT 2018"]
[Source "ChessBase"]
[SourceDate "2017.10.13"]
[SourceVersion "1"]
[SourceVersionDate "2017.10.13"]
[SourceQuality "1"]

1. d4 Nf6 2. c4 g6 3. Nc3 Bg7 4. e4 O-O 5. Be2 d6 6. Be3 Nbd7 7. Qd2 e5 8. d5 Nc5 9. f3 a5 10. g4 Ne8 11. Nh3 f5 12. gxf5 Qh4+ 13. Nf2 gxf5 14. Bg5 Qh5 15. exf5 Bxf5 16. O-O-O Nf6 17. Rdg1 Kh8 18. h4 Qf7 19. Nh3 e4 20. Bh6 Bxh6 21. Qxh6 Bxh3 22. Rxh3 Ng8 23. Qe3 Qf4 24. fxe4 Rae8 25. Rg4 Qxe3+ 26. Rxe3 Nh6 27. Rgg3 Rf4 28. h5 Nf7 29. Rg4 Rf2 30. Kd1 Rh2 31. Rg1 Rh4 32. Reg3 Nxe4 33. Rg7 Nf2+ 34. Kc2 Rf4 35. R1g2 h6 36. Kb3 Nh3 37. Bd1 Nhg5 38. Rg6 Rg8 39. Rxg8+ Kxg8 40. Nb5 Ne5 41. Be2 Rf7 42. Ka4 b6 43. Nd4 Kf8 44. Kb5 Ke7 45. Nc6+ Kd7 46. Nxe5+ dxe5 47. Bg4+ Kd6 48. a3 Ne4 49. Be6 Rf2 50. Rxf2 Nxf2 51. b4 axb4 52. axb4 Ne4 53. Ka4 Nf6 54. Bf7 e4 55. Kb3 Ke5 56. Kc3 Kf4 57. c5 bxc5 58. bxc5 e3 59. d6 Ne4+ 60. Kd4 cxd6 61. c6 e2 62. c7 e1=Q 63. c8=Q Qd2+ 0-1

[Event "25th Klatovy A 2017"]
[Site "Klatovy CZE"]
[Date "2017.07.07"]
[Round "7.29"]
[White "Kohout, Josef 1953"]
[Black "Hlavac, Rudolf"]
[Result "1/2-1/2"]
[WhiteElo "1896"]
[BlackElo "2031"]
[PlyCount "104"]
[EventDate "2017.07.01"]
[EventType "swiss"]
[EventRounds "9"]
[EventCountry "CZE"]
[SourceTitle "EXT 2018"]
[Source "ChessBase"]
[SourceDate "2017.10.13"]
[SourceVersion "1"]
[SourceVersionDate "2017.10.13"]
[SourceQuality "1"]

1. e4 c5 2. Nf3 Nc6 3. c4 g6 4. d4 cxd4 5. Nxd4 Bg7 6. Nf3 Nf6 7. Nc3 O-O 8. Be2 d6 9. O-O a6 10. a3 Bd7 11. Rb1 Rc8 12. h3 Na5 13. b3 b5 14. Nd2 e6 15. Bb2 Qb6 16. Nf3 Nh5 17. e5 Nb7 18. Ne4 Nf4 19. Re1 Nxe2+ 20. Rxe2 Bc6 21. Nxd6 Rcd8 22. Rd2 Bxf3 23. gxf3 Nxd6 24. exd6 Bxb2 25. Rbxb2 Rd7 26. Rbc2 Qc5 27. f4 bxc4 28. bxc4 Rc8 29. Rc3 Rc6 30. Qf3 Rdxd6 31. Rxd6 Rxd6 32. Qe3 Rc6 33. Qe5 Qxe5 34. fxe5 Rc5 35. f4 Kf8 36. Kf2 Ke7 37. Ke3 Kd7 38. Kd4 Rc8 39. Rb3 Kc6 40. c5 Rd8+ 41. Kc4 Rd1 42. Rb6+ Kc7 43. Rxa6 Rc1+ 44. Kb4 Rb1+ 45. Ka4 Rh1 46. Kb5 Rb1+ 47. Ka5 Rb3 48. a4 Rxh3 49. Kb4 Rh1 50. Kb5 Rb1+ 51. Kc4 Rc1+ 52. Kb5 Rb1+ 1/2-1/2